All Michigan Cities By Letter - B - Statistics

General Stats
  • This quiz has been taken 13 times
  • The average score is 16 of 46
Answer Stats
Population County City/Village % Correct
32,717 Bay Bay City
90%
51,093 Calhoun Battle Creek
70%
21,389 Oakland Birmingham
70%
1,303 Eaton Bellevue
60%
9,741 Berrien Benton Harbor
60%
10,363 Mecosta Big Rapids
60%
7,656 Livingston Brighton
60%
28,574 Genesee Burton
60%
1,946 Baraga Baraga
50%
5,740 Ionia Belding
50%
3,896 Wayne Belleville
50%
2,914 Huron Bad Axe
40%
1,833 Van Buren Bangor
40%
1,066 Antrim Bellaire
40%
15,366 Oakland Berkley
40%
10,352 Oakland Beverly Hills
40%
3,997 Oakland Bloomfield Hills
40%
4,263 Berrien Buchanan
40%
1,079 Lake Baldwin
30%
882 Berrien Baroda
30%
286 Manistee Bear Lake
30%
1,727 Berrien Berrien Springs
30%
1,707 Gogebic Bessemer
30%
3,729 Charlevoix Boyne City
30%
297 Charlevoix Boyne Falls
30%
2,212 Berrien Bridgman
30%
1,176 Jackson Brooklyn
30%
497 Shiawassee Bancroft
20%
307 Washtenaw Barton Hills
20%
1,179 Gladwin Beaverton
20%
506 Benzie Benzonia
20%
345 Benzie Beulah
20%
1,148 Oakland Bingham Farms
20%
1,476 Saginaw Birch Run
20%
3,266 Lenawee Blissfield
20%
439 Van Buren Bloomingdale
20%
1,273 Gratiot Breckenridge
20%
191 Van Buren Breedsville
20%
563 Lenawee Britton
20%
2,303 Branch Bronson
20%
1,250 Lapeer/Sanilac Brown City
20%
718 Wexford Buckley
20%
278 Calhoun Burlington
20%
806 St. Joseph Burr Oak
20%
549 Shiawassee Byron
20%
353 Mecosta Berryton
10%
No matching quizzes found
Score Distribution
Percent of People with Each Score
Percentile by Number Answered
Your Score History
You have not taken this quiz